000 00666nam a2200193 i 4500
001 188845
003 ES-MaACL
005 20251011063203.0
008 190219s1963 sp |||| | cat d
100 1 _aMillar, Margaret,
_d1915-1994
_9166366
245 1 3 _aUn estrany a la meva tomba /
_cMargaret Millar ; [traducció de Manuel de Pedrolo].
260 _aBarcelona :
_bEdiciones 62,
_c[1963]
300 _a246 p. ;
_c18 cm.
490 1 _aCol·lecció "La Cua de Palla" ;
_v5
700 1 _aPedrolo, Manuel de,
_d1918-1991
_989937
830 0 _aCol·lecció "La Cua de Palla" ;
_v5
_9193174
852 _aES-MaACL
_jP-507-Bis-5
999 _c188845
_d188845